Adat dan pantang larang orang Cina

Bibliographic Details
Main Author: Ann Wan Seng
Format: Book
Published: Kuala Lumpur : Fajar Bakti , 1994
Series:Siri pengetahuan popular
Subjects:

MARC

LEADER 00000cam a2200000 7i4500
001 0000003785
002 000004082
005 20000330.0
020 |a 967652672X 
090 0 0 |a 390   |b ANN 
100 0 |a Ann Wan Seng 
245 1 0 |a Adat dan pantang larang orang Cina   |c Ann Wan Seng 
260 |a Kuala Lumpur :   |b Fajar Bakti ,   |c 1994 
300 |a 126p. ;   |c 18cm. 
490 0 |a Siri pengetahuan popular 
650 0 0 |a Chinese (Asian people)   |z Malaysia   |x Social life and custom 
650 0 0 |a Customary law,Chinese   |z Malaysia 
999 |a 037194   |b BUKU   |c MALAYSIANA   |e PERPUSTAKAAN KOMUNITI PETALING JAYA